000 00543nam a2200193 a 4500
001 5488
003 CO-ViMGA
008 141112s2004 ck r 000 u spa d
040 _aCO-ViMGA
_bspa
_cCO-ViMGA
082 0 4 _a530 F474
245 1 0 _aFisica I , II
260 _aSantafé de Bogotá :
_bPanAméricana,
_c1996
300 _a2 v.
490 _aSupertest : ciencias puras y aplicadas, 8
505 _aFísica I Y II
650 1 4 _aFISICA - FOLLETOS PRE - ICFES
_93775
650 1 4 _aFISICA - PROBLEMAS Y SOLUCIONES
_93776
942 _2ddc
_cBK
999 _c17473
_d17473